[Event "HUN-chT2 Toth 1617"]
[Site "Hungary"]
[Date "2016.09.25"]
[Round "1.5"]
[White "Kecskemeti, Arpad"]
[Black "Sonkoly, Laszlo"]
[Result "1-0"]
[WhiteElo "2157"]
[BlackElo "2037"]
[PlyCount "77"]
[EventDate "2016.09.25"]
[EventType "team-tourn"]
[EventRounds "11"]
[EventCountry "HUN"]
[SourceTitle "EXT 2021"]
[Source "ChessBase"]
[SourceDate "2020.10.23"]
[SourceVersion "1"]
[SourceVersionDate "2020.10.23"]
[SourceQuality "1"]
[WhiteTeam "Mako Duocor II"]
[BlackTeam "Szeged Meritum"]
[WhiteTeamCountry "HUN"]
[BlackTeamCountry "HUN"]

1. e4 c5 2. Nf3 e6 3. d4 cxd4 4. Nxd4 a6 5. c4 Qc7 6. Nc3 Bb4 7. Qb3 Bc5 8. Be3 Nf6 9. Be2 d6 10. Rd1 0-0 11. a3 Nc6 12. 0-0 Bd7 13. Qc2 h6 14. b4 Nxd4 15. Bxd4 Bxd4 16. Rxd4 Rfc8 17. Qd2 b5 18. Rxd6 bxc4 19. Rd4 Bb5 20. a4 e5 21. Rd6 Bxa4 22. Rxf6 gxf6 23. Nxa4 c3 24. Qxh6 Qc6 25. Nc5 a5 26. Bc4 Ra7 27. Bd5 Qd6 28. Qh3 Rac7 29. Qxc3 axb4 30. Qg3+ Kf8 31. Nb3 Rc3 32. Qh4 Ke7 33. Qh7 Rf8 34. Ra1 Qc7 35. h4 Rc2 36. Ra6 Rc1+ 37. Nxc1 Qxc1+ 38. Kh2 Qf4+ 39. Kh3 1-0

[Event "HUN-chT2 0102"]
[Site "Hungary"]
[Date "2002.04.21"]
[Round "11"]
[White "Kiss, Emese"]
[Black "Sonkoly, Laszlo"]
[Result "1-0"]
[WhiteElo "2083"]
[BlackElo "2081"]
[PlyCount "65"]
[EventDate "2001.??.??"]
[EventType "team"]
[EventRounds "11"]
[EventCountry "HUN"]
[SourceTitle "EXT 2004"]
[Source "ChessBase"]
[SourceDate "2003.11.25"]
[SourceVersion "1"]
[SourceVersionDate "2003.11.25"]
[SourceQuality "1"]

1. d4 Nf6 2. c4 e6 3. Nc3 d5 4. Nf3 Nbd7 5. Bg5 Be7 6. e3 h6 7. Bh4 0-0 8. Qc2 c6 9. Be2 dxc4 10. Bxc4 b5 11. Bd3 Bb7 12. 0-0 a6 13. Rfd1 Nd5 14. Nxd5 Bxh4 15. Nf4 Bf6 16. Rac1 Rc8 17. Be4 Qe7 18. Nh5 Rc7 19. Ne1 Rfc8 20. Nd3 e5 21. Nc5 Nxc5 22. Qxc5 exd4 23. Nxf6+ Qxf6 24. Rxd4 Qe6 25. Bf5 Qxa2 26. Bxc8 Rxc8 27. Rd7 Ba8 28. Qd4 Re8 29. Rd8 Qe6 30. Rxe8+ Qxe8 31. Rd1 c5 32. Qd8 Kf8 33. Qc7 1-0

[Event "HUN-chT3 0102"]
[Site "Hungary"]
[Date "2002.01.27"]
[Round "6.2"]
[White "Sonkoly, Laszlo"]
[Black "Csomos, Roland"]
[Result "1/2-1/2"]
[WhiteElo "2081"]
[BlackElo "2213"]
[PlyCount "49"]
[EventDate "2001.09.30"]
[EventType "team"]
[EventRounds "11"]
[EventCountry "HUN"]
[SourceTitle "EXT 2004"]
[Source "ChessBase"]
[SourceDate "2003.11.25"]
[SourceVersion "1"]
[SourceVersionDate "2003.11.25"]
[SourceQuality "1"]

1. e4 d5 2. exd5 Qxd5 3. Nc3 Qa5 4. d4 Nf6 5. Be2 c6 6. Nf3 Bf5 7. 0-0 e6 8. Bf4 Be7 9. a3 0-0 10. b4 Qd8 11. Ne5 h6 12. Bf3 Nbd7 13. Qe2 Nd5 14. Bd2 Nxe5 15. dxe5 Bxc2 16. Nxd5 cxd5 17. Bxh6 Bb3 18. Qe3 Bc4 19. Rfd1 gxh6 20. Qxh6 Bg5 21. Qh5 Kg7 22. h4 Bh6 23. Qg4+ Kh8 24. Qh5 Kg7 25. Qg4+ 1/2-1/2

[Event "HUN-chT2 Maroczy 0001"]
[Site "Hungary"]
[Date "2001.03.04"]
[Round "8"]
[White "Sonkoly, Laszlo"]
[Black "Tegzes, Laszlo"]
[Result "0-1"]
[WhiteElo "2118"]
[BlackElo "2130"]
[PlyCount "72"]
[EventDate "2000.11.26"]
[EventType "team"]
[EventRounds "11"]
[EventCountry "HUN"]
[SourceTitle "EXT 2007"]
[Source "ChessBase"]
[SourceDate "2006.11.23"]
[SourceVersion "1"]
[SourceVersionDate "2006.11.23"]
[SourceQuality "1"]
[WhiteTeam "Szeged Portal"]
[BlackTeam "Budapest Matador"]
[WhiteTeamCountry "HUN"]
[BlackTeamCountry "HUN"]

1. e4 c5 2. Nf3 e6 3. d4 cxd4 4. Nxd4 Nf6 5. Nc3 Nc6 6. Ndb5 d6 7. Bf4 e5 8. Bg5 a6 9. Na3 b5 10. Nd5 Be7 11. Nxe7 Nxe7 12. Bxf6 gxf6 13. Qf3 f5 14. exf5 Bxf5 15. Bd3 Bxd3 16. Qxd3 d5 17. 0-0 Qc7 18. c3 Rd8 19. Nc2 Ng6 20. Qf5 0-0 21. Ne3 Qc6 22. Rad1 d4 23. cxd4 exd4 24. Nc2 Qxg2+ 25. Kxg2 Nh4+ 26. Kg3 Nxf5+ 27. Kf4 d3 28. Rg1+ Kh8 29. Ne1 Nd4 30. Rg4 f5 31. Rh4 Ne2+ 32. Ke3 Rfe8+ 33. Kd2 Ng1 34. Rf4 Re2+ 35. Kc3 Rxe1 36. Rxd3 Ne2+ 0-1

[Event "HUN-chT2 Maroczy 0001"]
[Site "Hungary"]
[Date "2000.12.03"]
[Round "2"]
[White "Sonkoly, Laszlo"]
[Black "Szlabey, Geza"]
[Result "1/2-1/2"]
[WhiteElo "2118"]
[BlackElo "2085"]
[PlyCount "120"]
[EventDate "2000.11.26"]
[EventType "team"]
[EventRounds "11"]
[EventCountry "HUN"]
[SourceTitle "EXT 2007"]
[Source "ChessBase"]
[SourceDate "2006.11.23"]
[SourceVersion "1"]
[SourceVersionDate "2006.11.23"]
[SourceQuality "1"]
[WhiteTeam "Szeged Portal"]
[BlackTeam "Foti"]
[WhiteTeamCountry "HUN"]
[BlackTeamCountry "HUN"]

1. e4 d6 2. d4 g6 3. Nc3 Bg7 4. Be2 Nf6 5. h4 h5 6. Bg5 Nbd7 7. Qd2 c5 8. 0-0-0 cxd4 9. Qxd4 Qb6 10. Qxb6 Nxb6 11. Bb5+ Bd7 12. f3 Rc8 13. Nge2 Bxb5 14. Nxb5 a6 15. Nbd4 Nfd7 16. Kb1 Nc5 17. Nb3 Nca4 18. c3 Nc4 19. Bc1 b5 20. Nbd4 Nc5 21. b3 Ne5 22. Kc2 b4 23. c4 a5 24. Be3 a4 25. Nc1 Bh6 26. Rhe1 Bxe3 27. Rxe3 0-0 28. Nde2 f5 29. exf5 Rxf5 30. Rd4 Nc6 31. Rd5 Rf6 32. Nd3 Nxd3 33. Kxd3 axb3 34. axb3 Ra8 35. Nc1 Ra3 36. Kc2 e5 37. Kb2 Nd4 38. c5 dxc5 39. Rxc5 Nf5 40. Re4 Re6 41. Rxb4 Ra8 42. Nd3 e4 43. Rxe4 Rxe4 44. fxe4 Nxh4 45. g3 Nf3 46. Rc7 Re8 47. b4 Rxe4 48. b5 Ne5 49. Nxe5 Rxe5 50. Rb7 Kf8 51. b6 Ke8 52. Kc3 Kd8 53. Rg7 Kc8 54. Rxg6 Kb7 55. Kd4 Rb5 56. Ke4 h4 57. g4 Rb4+ 58. Kf3 Rb3+ 59. Kg2 Rg3+ 60. Kh2 Ka6 1/2-1/2